Organizational behaviour <an> introductory text
Gespeichert in:
| 1. Verfasser: | |
|---|---|
| Weitere Verfasser: | |
| Format: | Buch |
| Sprache: | Englisch |
| Veröffentlicht: |
Harlow
FT Prentice Hall
2007
|
| Ausgabe: | 6th ed. |
| Schlagworte: | |
| Tags: |
Keine Tags, Fügen Sie das erste Tag hinzu!
|
MARC
| LEADER | 00000nam a2200000 4500 | ||
|---|---|---|---|
| 001 | 0222799 | ||
| 005 | 20240311125326.1 | ||
| 020 | |a 978-0-273-70835-3 | ||
| 020 | |a 0-273-70835-X | ||
| 041 | 0 | |a eng | |
| 044 | |a GB | ||
| 245 | 1 | 0 | |a Organizational behaviour |b <an> introductory text |c Andrzej A. Huczynski, David A. Buchanan |
| 250 | |a 6th ed. | ||
| 264 | 1 | |a Harlow |b FT Prentice Hall |c 2007 | |
| 300 | |a 935 s. |e príl. | ||
| 610 | 2 | 0 | |a podnik |
| 610 | 2 | 0 | |a správanie organizačné |
| 610 | 2 | 0 | |a zamestnanci |
| 610 | 2 | 0 | |a vzdelávanie |
| 610 | 2 | 0 | |a komunikácia |
| 610 | 2 | 0 | |a motivácia |
| 610 | 2 | 0 | |a tímy pracovné |
| 610 | 2 | 0 | |a práca tímová |
| 610 | 2 | 0 | |a štruktúra organizačná |
| 610 | 2 | 0 | |a kultúra podniková |
| 610 | 2 | 0 | |a riadenie ľudských zdrojov |
| 610 | 2 | 0 | |a pracovníci vedúci |
| 610 | 2 | 0 | |a vodcovstvo |
| 610 | 2 | 0 | |a riadenie podnikové |
| 610 | 2 | 0 | |a rozhodovanie manažérske |
| 610 | 2 | 0 | |a konflikty |
| 610 | 2 | 0 | |a politika podniková |
| 100 | 1 | |a Huczynski, Andrzej A. | |
| 700 | 1 | |a Buchanan, David A. | |